| 000 | 00676cam a2200145 4500500 | ||
|---|---|---|---|
| 005 | 20260329020339.0 | ||
| 041 | _afre | ||
| 042 | _adc | ||
| 100 | 1 | 0 |
_aFigeac, Michel _eauthor |
| 700 | 1 | 0 |
_aLachaud, Stéphanie _eauthor |
| 245 | 0 | 0 | _aPouvoirs et sociétés rurales : France et ses colonies (1634-1814) |
| 260 |
_bArmand Colin,
_c2024. |
||
| 520 | _aUn manuel dédié à la nouvelle question au programme du CAPES d’histoire-géographie, rédigé par des universitaires spécialistes. | ||
| 856 | 4 | 1 | _uhttps://shs.cairn.info/pouvoirs-et-societes-rurales-france-et-ses-colonies-1634-1814-capes-histoire-geographie--9782200639396?lang=fr&redirect-ssocas=7080 |
| 999 |
_c1905601 _d1905601 |
||